|
|
|
|
| LEADER |
02013nam a2200421 i 4500 |
| 001 |
EBC359167 |
| 003 |
MiAaPQ |
| 005 |
20220518082749.0 |
| 006 |
m o d | |
| 007 |
cr cnu|||||||| |
| 008 |
220518s2003 xx ob 001 0 spa d |
| 020 |
|
|
|z 9789223137656
|q (print)
|
| 020 |
|
|
|a 9789223168995
|q (electronic bk.)
|
| 035 |
|
|
|a (MiAaPQ)EBC359167
|
| 035 |
|
|
|a (Au-PeEL)EBL359167
|
| 035 |
|
|
|a (CaONFJC)MIL8918
|
| 035 |
|
|
|a (OCoLC)476184101
|
| 040 |
|
|
|a MiAaPQ
|b eng
|e rda
|e pn
|c MiAaPQ
|d MiAaPQ
|
| 050 |
|
4 |
|a JV6035
|b .T495 2003
|
| 082 |
0 |
|
|a 304.8
|2 23
|
| 100 |
1 |
|
|a Texid, Ezequiel,
|e author.
|
| 245 |
1 |
0 |
|a Migraciones laborales en Sudamerica :
|b el Mercosur ampliado /
|c Ezequiel Texido [and four others].
|
| 264 |
|
1 |
|a [Place of publication not identified] :
|b Sector de la Proteccion social, Programa de Migraciones Internationales, Oficina Internacional del Trabajo,
|c [2003]
|
| 264 |
|
4 |
|c Ã2003
|
| 300 |
|
|
|a 1 online resource (218 pages).
|
| 336 |
|
|
|a text
|b txt
|2 rdacontent
|
| 337 |
|
|
|a computer
|b c
|2 rdamedia
|
| 338 |
|
|
|a online resource
|b cr
|2 rdacarrier
|
| 490 |
1 |
|
|a Estudios sobre migraciones internacionales ;
|v 63
|
| 504 |
|
|
|a Includes bibliographical references and index.
|
| 588 |
|
|
|a Description based on print version record.
|
| 590 |
|
|
|a Electronic reproduction. Ann Arbor, MI : ProQuest, 2018. Available via World Wide Web. Access may be limited to ProQuest affiliated libraries.
|
| 650 |
|
0 |
|a Emigration and immigration.
|
| 655 |
|
4 |
|a Electronic books.
|
| 776 |
0 |
8 |
|i Print version:
|a Texid, Ezequiel.
|t Migraciones laborales en Sudamerica : el Mercosur ampliado.
|d [Place of publication not identified] : Sector de la Proteccion social, Programa de Migraciones Internationales, Oficina Internacional del Trabajo, c2003
|h 218 pages
|k International migration papers ; 63.
|z 9789223137656
|
| 797 |
2 |
|
|a ProQuest (Firm)
|
| 830 |
|
0 |
|a International migration papers ;
|v 63.
|
| 856 |
4 |
0 |
|u https://ebookcentral.proquest.com/lib/matrademy/detail.action?docID=359167
|z Click to View
|